Statistics for Official Languages of European Countries on a map

Click here to take the quiz!

General Stats

  • This quiz has been taken 203 times
    (183 since last reset)
  • The average score is 36 of 45

Answers on the Map

Answers color-coded by a green-red scale on the quiz's map according to % correct below.
 

Answer Stats

Answer% Correct
Albanian
94%
Catalan
90%
French
87%
Finnish and Swedish
86%
German
86%
Danish
85%
Estonian
84%
Belarussian, Russian
83%
Bulgarian
83%
Czech
83%
English
83%
French, Dutch, and German
83%
Greek
83%
Italian
83%
Irish and English
82%
Dutch
81%
Icelandic
81%
Portuguese
81%
Croatian
80%
Latvian
80%
Lithuanian
80%
Spanish
80%
Bosnian, Croatian, and Serbian
79%
Hungarian
79%
Luxembourgish, French, and German
79%
Maltese and English
79%
Moldovan/ Romanian
79%
Norwegian and Sami
79%
Polish
79%
Russian
79%
Swedish
79%
Romanian
78%
French (Monegasque Dialect)
77%
German(Countries starts with L)
77%
Ukrainian
77%
German, French, Italian, Romansh
76%
Latin and Italian
76%
Macedonian and Albanian
76%
Slovak
76%
Italian(Sammarinese)
75%
Serbian
75%
Slovene
75%
German(Slovene, Croatian, Hungarian in some parts)
73%
Albanian and Serbian
69%
Serbo-Croatian
67%

Score Distribution

Percentile by Number Answered

Percent of People with Each Score

Your Score History

You have not taken this quiz since the last reset